Essays on Latin lyric, elegy, and epic /

Bibliographic Details
Main Author: Putnam, Michael C. J.
Format: Book
Language:English
Published: Princeton, N.J. : Princeton University Press, [1982]
Series:Princeton series of collected essays.
Subjects:

MARC

Tag First Indicator Second Indicator Subfields
LEADER 00000pam a2200000 a 4500
001 in00000074068
005 20151008060150.0
008 810909s1982 nju b 00110 eng
010 |a  81047944  
020 |a 0691064970 :  |c 30.00 
020 |a 0691013888 (pbk.) :  |c $9.95 
035 |a (OCoLC)07812966 
035 |9 AAJ5230AM 
039 0 |a 2  |b 3  |c 3  |d 3  |e 3 
040 |a DLC  |c DLC  |d TXA  |d UtOrBLW 
043 |a e------  |a ff-----  |a aw----- 
049 |a TXAM  |c [1804934] 
050 0 0 |a PA6047  |b .P8 1982 
082 0 |a 871/.01/09  |2 19 
100 1 |a Putnam, Michael C. J. 
245 1 0 |a Essays on Latin lyric, elegy, and epic /  |c Michael C.J. Putnam. 
264 1 |a Princeton, N.J. :  |b Princeton University Press,  |c [1982] 
264 4 |c ©1982 
300 |a xiii, 354 pages ;  |c 24 cm. 
336 |a text  |b txt  |2 rdacontent 
337 |a unmediated  |b n  |2 rdamedia 
338 |a volume  |b nc  |2 rdacarrier 
490 1 |a Princeton series of collected essays 
500 |a "Essays ... originally published in various scholarly journals during the past two decades"--Pref. 
504 |a Includes bibliographical references and indexes. 
650 0 |a Latin poetry  |x History and criticism. 
830 0 |a Princeton series of collected essays. 
999 |a MARS 
999 f f |s de57640d-9f9d-3a00-8a27-c37acc2ca4c9  |i 552571b8-6e46-3619-8c47-dacadffbee87  |t 0 
952 f f |p ric  |a Texas A&M University  |b Rellis Campus  |c Joint Library Facility  |s JLF  |d Remote Storage  |t 0  |e PA6047 .P8 1982  |h Library of Congress classification  |i unmediated -- volume  |m A14806173565 
998 f f |a PA6047 .P8 1982  |t 0  |l Remote Storage